00302 a2200133 4500003000500000005001700005040000900022082001700031100002200048245004600070260003000116300000800146650001400154Nust20230327114020.0 cNust a891.4391,QAS aQasmi, Attaul Haq aDunya Khoobsurat Hay / cAta ul Haq Qasmi aLahorebDaua Publications a176 aUrdu Adab